| 000 | 00592nam a2200217Ia 4500 | ||
|---|---|---|---|
| 001 | 11889 | ||
| 003 | GE_BSU | ||
| 008 | 181216s||||||||xx |||||||||||||| ||und|| | ||
| 040 | _cGE_BSU | ||
| 080 | _a631(076.8) | ||
| 100 | _aСтепанов,В.Н. | ||
| 245 | _aПрактикум по основам агрономии | ||
| 245 | _bУчебник | ||
| 245 | _cРед.Л.М.Нефедорова | ||
| 260 | _aМосква | ||
| 260 | _bКолос | ||
| 260 | _c1969 | ||
| 300 | _a223стр.ил. | ||
| 653 | _aПрактикум по основам агрономии | ||
| 942 | _cBK | ||
| 999 |
_c45066 _d45066 |
||